00638nam a2200193Ia 4500008004100000020000700041082001200048100001500060245006000075250000700135260004300142300002400185500001900209600002100228650005000249942000700299952012300306999001500429240925s9999 xx 000 0 und d aNA a004 CAS aCasad, Joe 0aMCSE Study Guide: windows 95 and networking essentials  aNA aIndia:bTechmedia publicationsc,1998. a905p.bNAfOriginal aIncludes Index aComputer Science aComputer science, information & general works cBK 011440708CSaUITUbUITUd1998-02-12eVanguard Booksg837.00l0o004 CASpQ1792r2024-09-25 07:12:33w2024-09-25yBK c4291d4291